Siglo de oro en las selvas de Erífile /

Guardado en:
書目詳細資料
主要作者: Valbuena, Bernardo de (autor)
格式: 圖書
語言:西班牙语
主題:
標簽: 添加標簽
沒有標簽, 成為第一個標記此記錄!

MARC

LEADER 00000nam^a2200000^a^4500
001 000142363
005 20250526000000.0
009 20260310095646.628
037 |a Acervo ITESO - Biblioteca 
041 |a ESP 
082 |a 861.  |b VAL 
100 |a Valbuena, Bernardo de  |e (autor) 
245 1 0 |a Siglo de oro en las selvas de Erífile /  |c B. de Valbuena. 
264 |a Madrid, España :  |b Ibarra, Impresor de Cámara de S.M,  |c 1821 
300 |a 240, 99 p. ;  |c 18.5 cm. 
649 |a XX 
650 |a Poesía Española 
650 |a Literatura Española -  |y Siglo XVI 
650 |a México en la Literatura 
740 |a Grandeza Mejicana /  |c B. de Valbuena. 
910 |a Fondo Salvador Reynoso Reynoso 
920 |a Impresos - Libros 
930 |a Libros Antiguos y Raros 
940 |a Literatura 
905 |a 108 
901 |a 0800015426  |b IT2  |c LRA  |u 20250526 
902 |a https://opac.biblio.iteso.mx/vufind/Record/000142363